[Event "Accademia Cup"]
[Site "Roma ITA"]
[Date "1997.??.??"]
[Round "?"]
[White "Bernardi, Giancarlo"]
[Black "Fantazzini, Massimiliano"]
[Result "0-1"]
[WhiteElo "1537"]
[BlackElo "1753"]
[PlyCount "44"]
[EventDate "1997.??.??"]

1. d4 Nf6 2. Bg5 c5 3. c3 cxd4 4. cxd4 e6 5. Nc3 Be7 6. Bxf6 Bxf6 7. e4 Qb6 8.
e5 Qxb2 9. Nge2 Be7 10. Rb1 Qa3 11. g3 Na6 12. Bg2 O-O 13. Bxb7 Rb8 14. Bxa6
Rxb1 15. Qxb1 Bxa6 16. O-O Bb4 17. Rc1 Rc8 18. Qe4 Bxe2 19. Nxe2 Rxc1+ 20. Nxc1
Qxc1+ 21. Kg2 Qc6 22. d5 Qxd5 0-1

[Event "Accademia Cup"]
[Site "Roma ITA"]
[Date "1997.??.??"]
[Round "?"]
[White "Bernardi, Giancarlo"]
[Black "Gardon, Ermanno"]
[Result "0-1"]
[WhiteElo "1537"]
[BlackElo "1683"]
[PlyCount "110"]
[EventDate "1997.??.??"]

1. d4 d5 2. e4 e6 3. Nc3 Nf6 4. e5 Nfd7 5. f4 c5 6. Nf3 Nc6 7. Be3 cxd4 8. Bxd4
Nxd4 9. Nxd4 Bc5 10. Qd3 Nxe5 11. fxe5 Qh4+ 12. g3 Qxd4 13. Qxd4 Bxd4 14. Bb5+
Bd7 15. Bxd7+ Kxd7 16. O-O-O Bxe5 17. Nxd5 exd5 18. Rxd5+ Ke6 19. Rhd1 Rhc8 20.
c3 Rc6 21. Rd7 Rc7 22. R7d5 Rac8 23. Kb1 Rc6 24. Rb5 b6 25. Re1 Rc5 26. Rb4 Rd8
27. Kc2 Rcd5 28. Re2 f6 29. Rbe4 Kf7 30. Rc4 R8d7 31. Rc8 Rc7 32. Rxe5 Rxc3+
33. Kxc3 Rxe5 34. Kd2 h5 35. b4 g5 36. Kd3 a5 37. a3 Kg6 38. Rc6 axb4 39. axb4
b5 40. Rb6 Kf5 41. h3 Rd5+ 42. Ke3 Ke5 43. Rb8 Kf5 44. Rh8 Re5+ 45. Kd3 Re4 46.
Kc3 Ke5 47. Re8+ Kf5 48. g4+ hxg4 49. hxg4+ Rxg4 50. Rb8 Rc4+ 51. Kb3 Rc7 52.
Rxb5+ Kg4 53. Rd5 f5 54. b5 f4 55. Rd4 Kg3 0-1

[Event "Accademia Cup"]
[Site "Roma ITA"]
[Date "1997.??.??"]
[Round "?"]
[White "Berrino, Umberto"]
[Black "Mazziotto, Nicola"]
[Result "1/2-1/2"]
[WhiteElo "1672"]
[BlackElo "1522"]
[PlyCount "78"]
[EventDate "1997.??.??"]

1. e4 e5 2. Nf3 Nc6 3. d3 Bc5 4. Nbd2 Bb6 5. Nc4 d6 6. c3 h6 7. Be2 Nf6 8. b4
Be6 9. Nxb6 axb6 10. a4 O-O 11. Be3 Nd7 12. O-O f5 13. exf5 Rxf5 14. Nd2 Rf8
15. Bg4 Bxg4 16. Qxg4 Nf6 17. Qe6+ Kh8 18. Nf3 Qe8 19. Qxe8 Raxe8 20. Rfe1 e4
21. dxe4 Rxe4 22. Nd2 Re7 23. Nf3 Rfe8 24. Kf1 Ne4 25. Bd4 Nxd4 26. cxd4 Nc3
27. Rxe7 Rxe7 28. a5 bxa5 29. bxa5 Kg8 30. a6 bxa6 31. Rxa6 Kf7 32. g3 g5 33.
Ra8 Re8 34. Ra7 Re7 35. Ra8 Nb5 36. h3 Re4 37. Rc8 g4 38. hxg4 Rxg4 39. Ke2
Re4+ 1/2-1/2

[Event "Accademia Cup"]
[Site "Roma ITA"]
[Date "1997.??.??"]
[Round "?"]
[White "Berrino, Umberto"]
[Black "Narain, Ram Deva"]
[Result "0-1"]
[WhiteElo "1672"]
[BlackElo "1539"]
[PlyCount "74"]
[EventDate "1997.??.??"]

1. e4 g6 2. d4 Bg7 3. Nf3 d6 4. Nc3 c6 5. Be2 Nd7 6. O-O Qc7 7. Be3 Ngf6 8. h3
O-O 9. a4 b6 10. Qd2 Bb7 11. Rad1 c5 12. Bd3 cxd4 13. Nxd4 a6 14. Rfe1 Ne5 15.
Bh6 Nc4 16. Bxc4 Qxc4 17. Bxg7 Kxg7 18. e5 dxe5 19. Rxe5 Rfe8 20. Qf4 Qc7 21.
Qe3 Rad8 22. Qe1 Rd7 23. Re3 Kg8 24. Red3 e5 25. Nde2 Rxd3 26. Rxd3 Qc6 27. Qf1
b5 28. axb5 axb5 29. b4 Ne4 30. f3 Nd6 31. Qd1 Nc4 32. Rd7 Bc8 33. Rd5 Ne3 34.
Rc5 Qxc5 35. bxc5 Nxd1 36. Nxd1 Bf5 37. Ne3 Rc8 0-1

[Event "Accademia Cup"]
[Site "Roma ITA"]
[Date "1997.??.??"]
[Round "?"]
[White "Berrino, Umberto"]
[Black "Perotti, Germano"]
[Result "1/2-1/2"]
[WhiteElo "1672"]
[BlackElo "1717"]
[PlyCount "84"]
[EventDate "1997.??.??"]

1. e4 d6 2. d4 Nf6 3. Nc3 g6 4. Nf3 Bg7 5. Be2 O-O 6. h3 c6 7. a4 Nbd7 8. Be3
Qc7 9. O-O e5 10. dxe5 dxe5 11. Qc1 Re8 12. a5 Nf8 13. Rd1 Nh5 14. Ng5 Nf4 15.
Bc4 N8e6 16. Nxe6 Bxe6 17. Bxe6 Rxe6 18. Qd2 Qe7 19. Bxf4 exf4 20. f3 Qc5+ 21.
Kf1 Bxc3 22. bxc3 Rae8 23. Qd4 Qxd4 24. cxd4 g5 25. c4 f6 26. d5 cxd5 27. cxd5
Rd6 28. Rac1 Re7 29. Rc8+ Kg7 30. Rdc1 Red7 31. Rb8 Ra6 32. Rc5 b6 33. axb6
Rxb6 34. Rxb6 axb6 35. Rc6 Rb7 36. Ke2 h5 37. Kd3 b5 38. Kc3 Ra7 39. Kb3 Ra1
40. Rc2 Re1 41. Rb2 f5 42. exf5 Rd1 1/2-1/2

[Event "Accademia Cup"]
[Site "Roma ITA"]
[Date "1997.??.??"]
[Round "?"]
[White "Berrino, Umberto"]
[Black "Sebasti, Alessandro"]
[Result "1-0"]
[WhiteElo "1672"]
[BlackElo "1564"]
[PlyCount "67"]
[EventDate "1997.??.??"]

1. e4 e5 2. Nf3 Nc6 3. d3 g6 4. d4 Bg7 5. c3 Nge7 6. d5 Nb8 7. d6 Nec6 8. Bg5
f6 9. Be3 cxd6 10. Qxd6 Kf7 11. Bc4+ Ke8 12. O-O Bf8 13. Qd5 Qe7 14. b4 d6 15.
Na3 Nd7 16. Nb5 Nb6 17. Bxb6 axb6 18. Rfd1 Kd7 19. Rd2 Na7 20. Rad1 Nxb5 21.
Qxb5+ Kc7 22. Rxd6 Ra6 23. Qd5 Ra7 24. Qb5 Ra6 25. Bb3 Qg7 26. Qc4+ Kb8 27. Rd8
Qc7 28. Qd3 b5 29. Qxb5 Ka7 30. Qd3 Bg4 31. Qe3+ Qb6 32. a4 f5 33. exf5 gxf5
34. Qxe5 1-0

[Event "Accademia Cup"]
[Site "Roma ITA"]
[Date "1997.??.??"]
[Round "?"]
[White "Buffoni, Luca"]
[Black "Corinthios, Raimondo"]
[Result "1-0"]
[WhiteElo "1699"]
[BlackElo "1510"]
[PlyCount "147"]
[EventDate "1997.??.??"]

1. e4 e5 2. Nf3 Nc6 3. Bb5 a6 4. Bxc6 dxc6 5. d4 exd4 6. Qxd4 Qxd4 7. Nxd4 Bc5
8. Be3 Bb6 9. Nd2 Nf6 10. f3 Bd7 11. O-O-O O-O 12. Nc4 Ba7 13. Rhe1 c5 14. Nf5
Bxf5 15. exf5 c6 16. Na5 Nd5 17. Nxb7 Nxe3 18. Rxe3 Rfe8 19. Rde1 Rxe3 20. Rxe3
Kf8 21. Rc3 c4 22. Rxc4 Re8 23. Rxc6 Re2 24. g4 Be3+ 25. Kd1 Rxh2 26. Nd6 Bf4
27. Ne4 a5 28. Ra6 Be5 29. Rxa5 Bxb2 30. Ra8+ Ke7 31. Ra7+ Kf8 32. Nd6 Rh1+ 33.
Ke2 Rh2+ 34. Kd3 Bc1 35. Nxf7 Rd2+ 36. Kc3 Rf2 37. Ne5 Bf4 38. Nd3 Rxf3 39. Ra4
Be5+ 40. Kb3 Bf6 41. Re4 Rf1 42. Re1 Rf3 43. a4 Bd8 44. Ra1 Ba5 45. Kc4 Rg3 46.
Kb5 Bc3 47. Ra3 Bd4 48. a5 Rxg4 49. Ra4 h5 50. a6 Ba7 51. Nf4 Kf7 52. Rc4 Kf6
53. Nxh5+ Kxf5 54. Rxg4 Kxg4 55. Nxg7 Kf4 56. c4 Ke5 57. c5 Kd5 58. c6 Kd6 59.
Ne8+ Ke7 60. Nc7 Kd6 61. Na8 Ke7 62. Nb6 Kd8 63. Nd5 Kc8 64. Kc4 Kd8 65. Kd3
Kc8 66. Ke4 Kd8 67. Ke5 Bc5 68. Ke6 Kc8 69. Nc3 Kc7 70. Kd5 Bb6 71. a7 Bxa7 72.
Nb5+ Kb6 73. Nxa7 Kxa7 74. Kd6 1-0

[Event "Accademia Cup"]
[Site "Roma ITA"]
[Date "1997.??.??"]
[Round "?"]
[White "Buffoni, Luca"]
[Black "Crucioli, Marco"]
[Result "1-0"]
[WhiteElo "1699"]
[BlackElo "1630"]
[PlyCount "77"]
[EventDate "1997.??.??"]

1. e4 e5 2. Nf3 d6 3. d4 exd4 4. Nxd4 Be7 5. Nc3 Bf6 6. Be3 Ne7 7. Qd2 Nbc6 8.
O-O-O Nxd4 9. Bxd4 Bxd4 10. Qxd4 O-O 11. Bc4 Be6 12. Nd5 a6 13. f4 b5 14. Nxe7+
Qxe7 15. Bd5 c5 16. Qd2 Rad8 17. Rhf1 Bxd5 18. Qxd5 Rfe8 19. Rde1 Qe6 20. Qxe6
Rxe6 21. g3 Kf8 22. f5 Re5 23. f6 g6 24. g4 Rde8 25. Rd1 R8e6 26. Rf4 Ke8 27.
Rd5 Rxd5 28. exd5 Re5 29. c4 bxc4 30. Rxc4 Rxd5 31. Ra4 Kd7 32. h4 Ke6 33. g5
Rd4 34. Rxd4 cxd4 35. Kd2 Kf5 36. b4 Ke4 37. a4 Kd5 38. Kd3 Kc6 39. Kxd4 1-0

[Event "Accademia Cup"]
[Site "Roma ITA"]
[Date "1997.??.??"]
[Round "?"]
[White "Buffoni, Luca"]
[Black "Gatta, Flavio"]
[Result "1-0"]
[WhiteElo "1699"]
[BlackElo "1528"]
[PlyCount "63"]
[EventDate "1997.??.??"]

1. e4 c5 2. Nf3 Nc6 3. d4 cxd4 4. Nxd4 e6 5. Nc3 a6 6. Be3 Nge7 7. Be2 Nxd4 8.
Bxd4 Nc6 9. Be3 b5 10. O-O Bb7 11. f4 Be7 12. e5 Qc7 13. Ne4 Nxe5 14. fxe5 Bxe4
15. Bf3 Bxf3 16. Qxf3 O-O 17. Rad1 d5 18. c3 Bc5 19. Kh1 Bxe3 20. Qxe3 Rac8 21.
Rd4 Qc5 22. Qg5 h6 23. Qg3 Qe7 24. Rf6 Rc4 25. Rd1 Kh8 26. Rdf1 g6 27. Qe3 Kg7
28. Qb6 Re4 29. Qd6 Qxd6 30. exd6 Rc4 31. d7 Rc7 32. Rxf7+ 1-0

[Event "Accademia Cup"]
[Site "Roma ITA"]
[Date "1997.??.??"]
[Round "?"]
[White "Buffoni, Luca"]
[Black "Tinari, Marco"]
[Result "1/2-1/2"]
[WhiteElo "1699"]
[BlackElo "1911"]
[PlyCount "52"]
[EventDate "1997.??.??"]

1. e4 d6 2. d4 g6 3. c3 Bg7 4. Nf3 Nf6 5. Bd3 a6 6. h3 b5 7. Be3 Bb7 8. Nbd2
Nbd7 9. O-O O-O 10. c4 bxc4 11. Bxc4 Nxe4 12. Nxe4 Bxe4 13. Ng5 d5 14. Nxe4
dxc4 15. Rc1 Nb6 16. Nc5 Qd5 17. Qd2 Rfd8 18. Rfd1 a5 19. b3 cxb3 20. axb3 Nd7
21. Qc2 Nxc5 22. Qxc5 Qxb3 23. Qxe7 a4 24. Ra1 Qb6 25. Rxa4 Qf6 26. Qa3 Rxa4
1/2-1/2

[Event "Accademia Cup"]
[Site "Roma ITA"]
[Date "1997.??.??"]
[Round "?"]
[White "Casella, Carlo"]
[Black "Franchi, Jose' Maria"]
[Result "1-0"]
[WhiteElo "1516"]
[BlackElo "1846"]
[PlyCount "125"]
[EventDate "1997.??.??"]

1. e4 c6 2. d4 d5 3. Nc3 dxe4 4. Nxe4 Bf5 5. Ng3 Bg6 6. Nf3 Nd7 7. h4 h6 8. h5
Bh7 9. Bd3 Bxd3 10. Qxd3 Qc7 11. Rh4 e6 12. Bd2 Ngf6 13. a3 Bd6 14. Ne4 Nxe4
15. Qxe4 Nf6 16. Qd3 O-O-O 17. Qb3 Rhe8 18. O-O-O Kb8 19. Re1 Ka8 20. Qa4 Rd7
21. c4 c5 22. Ne5 Rde7 23. Bc3 cxd4 24. Bxd4 Bc5 25. Nf3 Rd8 26. Bxc5 Qxc5 27.
Qb4 Qxb4 28. axb4 Kb8 29. Rd1 Rxd1+ 30. Kxd1 e5 31. Kc2 Kc7 32. Nd2 Kd6 33. f3
b6 34. b5 Kc5 35. Kc3 Rd7 36. Rh1 Kd6 37. g4 Ke6 38. Rg1 Ne8 39. Re1 Nd6 40. f4
f6 41. fxe5 fxe5 42. Nf3 Nf7 43. b4 Rd8 44. c5 bxc5 45. bxc5 Rc8 46. Kb4 Kd5
47. c6 Rc7 48. Rd1+ Ke6 49. Kc5 Ng5 50. Nxg5+ hxg5 51. b6 axb6+ 52. Kxb6 Rc8
53. Kb7 Rf8 54. c7 e4 55. c8=Q+ Rxc8 56. Kxc8 Ke5 57. Rd7 Kf6 58. Kd8 Ke5 59.
Rxg7 Kf4 60. h6 Kxg4 61. h7 e3 62. Re7 Kf3 63. h8=Q 1-0

[Event "Accademia Cup"]
[Site "Roma ITA"]
[Date "1997.??.??"]
[Round "?"]
[White "Casella, Carlo"]
[Black "Guglielmi, Dante"]
[Result "0-1"]
[WhiteElo "1516"]
[BlackElo "1651"]
[PlyCount "118"]
[EventDate "1997.??.??"]

1. e4 c5 2. Nf3 d6 3. d4 cxd4 4. Nxd4 Nf6 5. Nc3 a6 6. Be2 e6 7. Be3 Be7 8. O-O
O-O 9. f4 Qc7 10. a3 b5 11. Bf3 Bb7 12. Kh1 Nc6 13. f5 Nxd4 14. Bxd4 e5 15. Be3
Rac8 16. Rf2 Qc4 17. Qd3 Rfd8 18. Rd1 b4 19. Qxc4 Rxc4 20. Nd5 Bxd5 21. exd5
bxa3 22. bxa3 Rb8 23. g3 Rb2 24. Rdd2 Ra2 25. Bg5 Rxa3 26. Rf1 a5 27. Bd1 Ra1
28. Bxf6 Bxf6 29. Kg2 Bd8 30. Rf3 a4 31. Be2 Rc5 32. c4 Rb1 33. Ra2 Ra5 34.
Rfa3 Rb4 35. Bd1 Rxc4 36. Rxa4 Rcc5 37. Rxa5 Bxa5 38. Bb3 Kf8 39. Rc2 Rxc2+ 40.
Bxc2 Ke7 41. Kf3 Kf6 42. h3 g6 43. fxg6 hxg6 44. Be4 Kg5 45. g4 f5 46. gxf5
gxf5 47. Bc2 e4+ 48. Kg2 Kf4 49. Bd1 Be1 50. Kf1 Bh4 51. Ke2 Ke5 52. Bc2 Kxd5
53. Ke3 Ke5 54. Bd1 d5 55. Be2 f4+ 56. Kd2 f3 57. Ba6 Kf4 58. Bb7 d4 59. Kd1
Ke3 0-1

[Event "Accademia Cup"]
[Site "Roma ITA"]
[Date "1997.??.??"]
[Round "?"]
[White "Casella, Carlo"]
[Black "Matano, Arturo"]
[Result "1/2-1/2"]
[WhiteElo "1516"]
[BlackElo "1672"]
[PlyCount "108"]
[EventDate "1997.??.??"]

1. e4 g6 2. d4 Bg7 3. Nc3 d6 4. f4 Nc6 5. Nf3 Bg4 6. Be3 Bxf3 7. gxf3 d5 8. e5
e6 9. Qd2 Nh6 10. O-O-O Nf5 11. Bf2 Bf8 12. a3 a6 13. Kb1 Qd7 14. Na2 O-O-O 15.
h4 h5 16. Bh3 Nce7 17. Nb4 Qb5 18. Bf1 Qb6 19. Qc3 a5 20. Nd3 Nc6 21. Nc5 Kb8
22. Na4 Qa7 23. Bb5 Nce7 24. Be1 c6 25. Bf1 b6 26. Qb3 Kc7 27. Qd3 Rb8 28. Nc3
b5 29. Na2 Nc8 30. Nc1 a4 31. Na2 Nb6 32. Nb4 Nc4 33. Na2 Be7 34. Bb4 Bxb4 35.
Nxb4 Rb6 36. c3 Kd7 37. Rh2 Rc8 38. Bh3 Ne7 39. Re1 c5 40. dxc5 Rxc5 41. Rd1
Ke8 42. Qd4 Rc8 43. Rc1 Na5 44. Qg1 Rb7 45. Qe1 Qc5 46. Rd2 Nc4 47. Re2 Qb6 48.
Qg1 Na5 49. Qg5 Qd8 50. Rd1 Kd7 51. Nxd5 Qf8 52. Nb6+ Kc7 53. Nxc8 Nxc8 54.
Red2 Nb6 1/2-1/2

[Event "Accademia Cup"]
[Site "Roma ITA"]
[Date "1997.??.??"]
[Round "?"]
[White "Casella, Carlo"]
[Black "Tamburini, Massimiliano"]
[Result "1-0"]
[WhiteElo "1516"]
[BlackElo "1600"]
[PlyCount "89"]
[EventDate "1997.??.??"]

1. e4 d5 2. exd5 Nf6 3. Nc3 Nxd5 4. Nxd5 Qxd5 5. Nf3 Bg4 6. Be2 e5 7. d3 Be7 8.
O-O O-O 9. h3 Bh5 10. Bd2 Nc6 11. Bc3 Nd4 12. Nxd4 exd4 13. Bxh5 dxc3 14. bxc3
Rfe8 15. Bf3 Qe5 16. d4 Qb5 17. Rb1 Qc4 18. Rxb7 Qxc3 19. Rb3 Qa5 20. Bxa8 Rxa8
21. Qb1 Qd2 22. Rb8+ Rxb8 23. Qxb8+ Bf8 24. Qxc7 Qxd4 25. Rb1 g6 26. Qc8 Kg7
27. Qb7 Bc5 28. Qb2 Kf6 29. Qxd4+ Bxd4 30. Rb7 a5 31. Kf1 Ke6 32. Ke2 h5 33. f3
f5 34. Kd3 Bh8 35. c4 Ke5 36. Re7+ Kf4 37. c5 Be5 38. c6 Bd6 39. Rd7 Be5 40. c7
Bxc7 41. Rxc7 Kg3 42. Rc2 g5 43. Kc4 g4 44. fxg4 fxg4 45. hxg4 1-0

[Event "Accademia Cup"]
[Site "Roma ITA"]
[Date "1997.??.??"]
[Round "?"]
[White "Cattarinich, Benedetto"]
[Black "Concutelli, Alberto"]
[Result "1-0"]
[WhiteElo "1807"]
[BlackElo "1600"]
[PlyCount "51"]
[EventDate "1997.??.??"]

1. d4 Nf6 2. c4 e6 3. Nf3 d5 4. Nc3 Bb4 5. Bg5 Nbd7 6. e3 O-O 7. cxd5 exd5 8.
Bd3 h6 9. Bf4 c5 10. O-O cxd4 11. exd4 Re8 12. Nb5 Ba5 13. Rc1 Re6 14. Bc7 Bxc7
15. Nxc7 Rb8 16. Nxe6 fxe6 17. Qe2 Nf8 18. Rc3 Bd7 19. Rfc1 Rc8 20. Rxc8 Bxc8
21. Qe5 Bd7 22. Qc7 Qxc7 23. Rxc7 Bc6 24. Ne5 Ne8 25. Re7 Nd6 26. Nxc6 1-0

[Event "Accademia Cup"]
[Site "Roma ITA"]
[Date "1997.??.??"]
[Round "?"]
[White "Cattarinich, Benedetto"]
[Black "Laudati, Adriano"]
[Result "0-1"]
[WhiteElo "1807"]
[BlackElo "1852"]
[PlyCount "34"]
[EventDate "1997.??.??"]

1. d4 e6 2. c4 f5 3. Nf3 Bb4+ 4. Nbd2 Nf6 5. a3 Bxd2+ 6. Bxd2 O-O 7. Bg5 d6 8.
g3 Nbd7 9. Bg2 h6 10. Bxf6 Qxf6 11. O-O e5 12. dxe5 dxe5 13. Qd5+ Kh8 14. Rfd1
e4 15. Nd4 Ne5 16. Qc5 b6 17. Qb4 c5 0-1

[Event "Accademia Cup"]
[Site "Roma ITA"]
[Date "1997.??.??"]
[Round "?"]
[White "Cattarinich, Benedetto"]
[Black "Luzi, Alessandro"]
[Result "1-0"]
[WhiteElo "1807"]
[BlackElo "1567"]
[PlyCount "89"]
[EventDate "1997.??.??"]

1. d4 Nf6 2. c4 g6 3. Nc3 d5 4. Bf4 a6 5. cxd5 Nxd5 6. Nxd5 Qxd5 7. Bxc7 Bg7 8.
e3 Nc6 9. Ne2 b5 10. Nc3 Qd7 11. Bg3 Bb7 12. Be2 O-O 13. Bf3 e6 14. O-O f5 15.
d5 exd5 16. Nxd5 Qd8 17. Nc7 Qxd1 18. Raxd1 Rac8 19. Ne6 Rfe8 20. Nxg7 Kxg7 21.
Rd7+ Re7 22. Rxe7+ Nxe7 23. Bxb7 Rc7 24. Be5+ Kf7 25. Bxa6 Ke6 26. Bc3 Nd5 27.
Bxb5 Nxc3 28. bxc3 Rxc3 29. Rd1 Rc2 30. Kf1 Ke5 31. a4 Ra2 32. Ke1 f4 33. exf4+
Kxf4 34. Rd2 Ra1+ 35. Ke2 Ra3 36. g3+ Ke5 37. h4 h6 38. Rd3 Ra2+ 39. Ke3 g5 40.
hxg5 hxg5 41. Bc6 Ra1 42. Rd5+ Kf6 43. a5 Ra2 44. Bb7 Ra4 45. a6 1-0

[Event "Accademia Cup"]
[Site "Roma ITA"]
[Date "1997.??.??"]
[Round "?"]
[White "Cattarinich, Benedetto"]
[Black "Verrascina, Nicola"]
[Result "1-0"]
[WhiteElo "1807"]
[BlackElo "2140"]
[PlyCount "69"]
[EventDate "1997.??.??"]

1. d4 f5 2. Bg5 g6 3. Nd2 Bg7 4. e4 fxe4 5. Nxe4 d5 6. Ng3 Nf6 7. Nf3 O-O 8.
Bd3 Bg4 9. Qd2 Nbd7 10. Bh6 c5 11. Bxg7 Kxg7 12. h4 cxd4 13. h5 e5 14. hxg6 h5
15. Nh4 e4 16. Ngf5+ Bxf5 17. Nxf5+ Kxg6 18. Nh4+ Kf7 19. Be2 e3 20. fxe3 dxe3
21. Qd3 Ne5 22. Qf5 Qa5+ 23. c3 d4 24. O-O Ke7 25. cxd4 Nc6 26. Ng6+ Kd6 27.
Qf4+ Kd7 28. Nxf8+ Rxf8 29. d5 Nb4 30. Qf5+ Kd8 31. Rac1 Nbxd5 32. Rc8+ Ke7 33.
Qe5+ Kf7 34. Rxf8+ Kxf8 35. Rxf6+ 1-0

[Event "Accademia Cup"]
[Site "Roma ITA"]
[Date "1997.??.??"]
[Round "?"]
[White "Cellucci, Alessandro"]
[Black "Cattarinich, Benedetto"]
[Result "1-0"]
[WhiteElo "1906"]
[BlackElo "1807"]
[PlyCount "59"]
[EventDate "1997.??.??"]

1. d4 d5 2. e4 dxe4 3. Nc3 Nf6 4. f3 e3 5. Bxe3 Bf5 6. Nge2 e6 7. Qd2 Bb4 8. g4
Bg6 9. Nf4 Nbd7 10. h4 e5 11. Nxg6 hxg6 12. O-O-O Qe7 13. Bc4 O-O-O 14. d5 Bc5
15. Bg5 Qd6 16. Qe2 Rde8 17. Bb3 Kb8 18. Rhe1 Ng8 19. Ne4 Qb6 20. d6 cxd6 21.
Bxf7 Rc8 22. Be6 Ngf6 23. Nxc5 Qxc5 24. Bxf6 Nxf6 25. Bxc8 Rxc8 26. Qd3 e4 27.
fxe4 Nxg4 28. Qxd6+ Qxd6 29. Rxd6 Re8 30. Rxg6 1-0

[Event "Accademia Cup"]
[Site "Roma ITA"]
[Date "1997.??.??"]
[Round "?"]
[White "Cellucci, Alessandro"]
[Black "Colantonio, Marco"]
[Result "1-0"]
[WhiteElo "1906"]
[BlackElo "1573"]
[PlyCount "67"]
[EventDate "1997.??.??"]

1. e4 e5 2. f4 d5 3. exd5 e4 4. Nc3 Nf6 5. d3 Bb4 6. Bd2 e3 7. Bxe3 Bxc3+ 8.
bxc3 Nxd5 9. Bd2 O-O 10. Qf3 Re8+ 11. Ne2 Nc6 12. g3 Be6 13. f5 Qf6 14. Bg2
Ndb4 15. fxe6 Nxc2+ 16. Kf2 Qxe6 17. Nf4 Qd6 18. Rac1 Ne5 19. Qd5 Qb6+ 20. d4
Rad8 21. Qb3 Qxb3 22. axb3 Na3 23. Rhe1 g5 24. dxe5 Rxd2+ 25. Re2 Rxe2+ 26.
Nxe2 Rxe5 27. Nd4 c5 28. Nf3 Rf5 29. g4 Rf4 30. Kg3 f6 31. c4 a6 32. Bf1 Kf7
33. Bd3 Ke7 34. Ra1 1-0

[Event "Accademia Cup"]
[Site "Roma ITA"]
[Date "1997.??.??"]
[Round "?"]
[White "Cellucci, Alessandro"]
[Black "Imbrogno, Rinaldo"]
[Result "0-1"]
[WhiteElo "1906"]
[BlackElo "1929"]
[PlyCount "42"]
[EventDate "1997.??.??"]

1. d4 Nf6 2. Nc3 d5 3. e4 dxe4 4. f3 exf3 5. Qxf3 c6 6. Bd3 Qxd4 7. Nge2 Qg4 8.
Qf2 e5 9. h3 Qe6 10. Ng3 g6 11. Bg5 Nbd7 12. O-O-O Bc5 13. Qe2 Nd5 14. Be4 N7b6
15. Bxd5 cxd5 16. Nxd5 O-O 17. Nf6+ Kh8 18. Nge4 Qxa2 19. Nxh7 Nc4 20. Qxc4
Qxc4 21. Nxc5 Bf5 0-1

[Event "Accademia Cup"]
[Site "Roma ITA"]
[Date "1997.??.??"]
[Round "?"]
[White "Cellucci, Alessandro"]
[Black "Scagliarini, Bruno"]
[Result "0-1"]
[WhiteElo "1906"]
[BlackElo "1728"]
[PlyCount "130"]
[EventDate "1997.??.??"]

1. e4 e6 2. d4 d5 3. Nc3 Bb4 4. a3 Bxc3+ 5. bxc3 dxe4 6. f3 c5 7. g3 Nc6 8.
fxe4 cxd4 9. Nf3 Qa5 10. Bd3 Nge7 11. O-O dxc3 12. Rb1 O-O 13. Rb5 Qc7 14. Rh5
Ng6 15. Rxh7 Nce5 16. Rh5 Nxd3 17. Qxd3 e5 18. Be3 Be6 19. Rd1 Rfd8 20. Qe2
Rxd1+ 21. Qxd1 Rd8 22. Qf1 f6 23. h3 Qc6 24. Qf2 b6 25. Ne1 Qxe4 26. Qf3 Qxf3
27. Nxf3 Rd1+ 28. Kf2 Ra1 29. g4 Nf4 30. Bxf4 exf4 31. Nd4 Bf7 32. Rf5 Rxa3 33.
Rxf4 Bg6 34. Ke3 Ra2 35. Rf2 a5 36. Kf4 Ra4 37. Ke3 Rb4 38. Nf5 Bxf5 39. Rxf5
Rc4 40. Rd5 Rc6 41. Rd7 Kh7 42. Kd4 Kh6 43. Rb7 a4 44. Kd5 Rc5+ 45. Kd4 a3 46.
Rxb6 Ra5 47. Rb1 a2 48. Ra1 Kg5 49. Kxc3 Kh4 50. Kb4 Ra7 51. c4 Kxh3 52. Kb5
Kxg4 53. c5 f5 54. c6 f4 55. Kb6 Ra3 56. c7 Rb3+ 57. Ka7 Rc3 58. Kb7 f3 59.
Rxa2 g5 60. c8=Q+ Rxc8 61. Kxc8 Kg3 62. Kd7 f2 63. Ra1 g4 64. Ke6 Kf3 65. Ra3+
Kg2 0-1

[Event "Accademia Cup"]
[Site "Roma ITA"]
[Date "1997.??.??"]
[Round "?"]
[White "Cesarini, Lanfranco"]
[Black "Luna, Giovanni"]
[Result "1-0"]
[WhiteElo "1798"]
[BlackElo "1564"]
[PlyCount "105"]
[EventDate "1997.??.??"]

1. e4 e5 2. Nf3 Nc6 3. Bc4 Bc5 4. c3 h6 5. b4 Bd6 6. d4 exd4 7. Nxd4 Ne5 8. Bb3
Nf6 9. O-O O-O 10. f4 Nxe4 11. fxe5 Bxe5 12. Qh5 Bf6 13. Qf3 d5 14. Nd2 Nxd2
15. Bxd2 c6 16. Bc2 Bg5 17. Qd3 g6 18. Rf2 Bxd2 19. Qxd2 Kg7 20. Raf1 h5 21.
Qf4 f5 22. Qe5+ Qf6 23. Re2 Qxe5 24. Rxe5 Bd7 25. Rfe1 Rae8 26. Rxe8 Rxe8 27.
Rxe8 Bxe8 28. Ne6+ Kf6 29. Nd4 Bf7 30. Kf2 Ke5 31. Kf3 Be8 32. h4 b6 33. Ba4 b5
34. Bc2 Bd7 35. g3 Be8 36. Nb3 Bf7 37. Ke3 Be6 38. Nc5 Bc8 39. Nd3+ Kf6 40. Kf4
Bd7 41. Nc5 Bc8 42. Nd3 Be6 43. Ne5 d4 44. cxd4 Bxa2 45. Nxc6 a6 46. Nb8 a5 47.
bxa5 b4 48. Nd7+ Ke6 49. Nc5+ Kd5 50. Bb3+ Kxd4 51. Bxa2 Kxc5 52. Kg5 Kb5 53.
Kxg6 1-0

[Event "Accademia Cup"]
[Site "Roma ITA"]
[Date "1997.??.??"]
[Round "?"]
[White "Cesarini, Lanfranco"]
[Black "Petruccioli, Antonio"]
[Result "0-1"]
[WhiteElo "1798"]
[BlackElo "1926"]
[PlyCount "82"]
[EventDate "1997.??.??"]

1. e4 c5 2. Nf3 a6 3. g3 b5 4. Bg2 Bb7 5. d3 d6 6. O-O Nf6 7. Re1 e5 8. Nbd2
Nbd7 9. Nf1 g6 10. Bg5 Bg7 11. Qd2 O-O 12. Bh6 Qe7 13. Bxg7 Kxg7 14. Ne3 Rae8
15. Bh3 Qd8 16. Nh4 Nb6 17. Ng4 Nxg4 18. Bxg4 d5 19. exd5 Bxd5 20. b3 f5 21.
Bf3 Qd6 22. Bxd5 Nxd5 23. Ng2 f4 24. gxf4 Nxf4 25. Nxf4 Rxf4 26. Re3 Ref8 27.
Rf1 R8f5 28. Rg3 h5 29. Qe3 h4 30. Rg2 Kf6 31. h3 g5 32. Rg4 Rf3 33. Qe4 Rxh3
34. Qa8 e4 35. Qh8+ Kg6 36. Qg8+ Kh5 37. Rg2 Qe7 38. dxe4 Rf8 39. Qd5 Rhf3 40.
Kh1 Rd8 41. Qc6 Rf6 0-1

[Event "Accademia Cup"]
[Site "Roma ITA"]
[Date "1997.??.??"]
[Round "?"]
[White "Cesarini, Lanfranco"]
[Black "Pezzaldi, Roberto"]
[Result "1-0"]
[WhiteElo "1798"]
[BlackElo "2105"]
[PlyCount "97"]
[EventDate "1997.??.??"]

1. Nf3 e6 2. g3 f5 3. Bg2 Nf6 4. d3 Be7 5. O-O O-O 6. Nc3 d6 7. e4 fxe4 8. dxe4
e5 9. Qd3 Nbd7 10. Ng5 Nc5 11. Qc4+ Kh8 12. b4 Na6 13. Nf7+ Rxf7 14. Qxf7 Nxb4
15. Qb3 a5 16. f4 Nc6 17. Nd5 Nd4 18. Qd3 Nxd5 19. exd5 b6 20. fxe5 dxe5 21. d6
Ba6 22. dxe7 Qxe7 23. c4 Rd8 24. Ba3 c5 25. Bb2 g6 26. Rf2 Qe6 27. Bxd4 Rxd4
28. Qf3 Rd8 29. Bh3 Qe7 30. Qc3 Rd4 31. Raf1 Bxc4 32. Re1 a4 33. Bf1 Bd5 34.
Qe3 Re4 35. Qc3 Rd4 36. Rd2 Qf6 37. Rxd4 exd4 38. Qd2 c4 39. Qh6 d3 40. Re8+
Bg8 41. Qf4 Qxf4 42. gxf4 Kg7 43. Kf2 c3 44. Rxg8+ Kxg8 45. Bxd3 Kf7 46. Ke3
Ke6 47. Kd4 Kd6 48. Kc4 b5+ 49. Kxc3 1-0

[Event "Accademia Cup"]
[Site "Roma ITA"]
[Date "1997.??.??"]
[Round "?"]
[White "Cesarini, Lanfranco"]
[Black "Tamburini, Massimiliano"]
[Result "1-0"]
[WhiteElo "1798"]
[BlackElo "1600"]
[PlyCount "71"]
[EventDate "1997.??.??"]

1. e4 d5 2. exd5 Nf6 3. Nf3 Bg4 4. Be2 Nxd5 5. h3 Bh5 6. d4 e6 7. O-O Nc6 8.
Re1 Bd6 9. c4 Nf6 10. d5 exd5 11. cxd5 Nxd5 12. Qxd5 Bh2+ 13. Kxh2 Qxd5 14.
Bc4+ Qe6 15. Bxe6 fxe6 16. Rxe6+ Kf7 17. Re4 Rad8 18. Bf4 Rd1 19. g4 Bg6 20.
Re1 Rhd8 21. Nbd2 Rxa1 22. Rxa1 Nb4 23. Ne5+ Ke6 24. Nxg6 hxg6 25. Re1+ Kf7 26.
Ne4 Nd3 27. Rd1 Ke8 28. Bxc7 Rd7 29. Nd6+ Ke7 30. Rxd3 Rxc7 31. Rd2 Rd7 32.
Nc8+ Kd8 33. Rxd7+ Kxd7 34. Nxa7 Kd6 35. Kg3 Ke5 36. Nb5 1-0

[Event "Accademia Cup"]
[Site "Roma ITA"]
[Date "1997.??.??"]
[Round "?"]
[White "Ciotoli, Patrizio"]
[Black "Marzano, Carlo"]
[Result "0-1"]
[WhiteElo "1956"]
[BlackElo "2175"]
[PlyCount "96"]
[EventDate "1997.??.??"]

1. e4 e6 2. Qe2 c5 3. Nc3 Nc6 4. Nf3 d6 5. g3 g6 6. Bg2 Bg7 7. d3 Nge7 8. O-O
O-O 9. Be3 e5 10. Qd2 Nd4 11. Bh6 Nxf3+ 12. Bxf3 Bh3 13. Bg2 Bxg2 14. Bxg7 Kxg7
15. Kxg2 d5 16. f4 dxe4 17. Nxe4 f5 18. Ng5 Qd5+ 19. Nf3 exf4 20. Qxf4 Nc6 21.
Rfe1 Rae8 22. a3 Nd4 23. Re5 Rxe5 24. Qxe5+ Qxe5 25. Nxe5 Re8 26. c3 Nc2 27.
Rc1 Ne3+ 28. Kf3 Rxe5 29. d4 cxd4 30. cxd4 Re7 31. Rc5 Ng4 32. h3 Nf6 33. b4
Rd7 34. Ke3 Ne4 35. Ra5 b6 36. Re5 Nxg3 37. d5 Kf6 38. Re6+ Kf7 39. Kd4 Ne4 40.
a4 Nf6 41. Re5 Rxd5+ 42. Rxd5 Nxd5 43. Kxd5 f4 44. a5 bxa5 45. bxa5 f3 46. a6
f2 47. Kc6 f1=Q 48. Kb7 Qf2 0-1